00712cam a2200205 a 450000100060000000300080000600500170001400800410003103500190007204000290009104100080012008200260012810000500015424501520020426000330035630000210038965000340041070000340044470000280047818830BD-RjUL20211209000336.0140222s1964 enk 001 p eng c a(BD-RjUL)18888 aUkBUdBD-RjULbengcUkBU aeng00a821.912bLAC V-1 19641 aLawrence, D. H.q(David Herbert),d1885-1930.14aThe complete poems of D. H. Lawrence /ccollected and edited with an introduction and notes by Vivian de Sola Pinto and Warren Roberts.nvolume one aLondon :bHeinemann,cc1964. a565 p. ;c22 cm. 0aEnglish poetryy20th century.1 aPinto, Vivian de Sola,d1895-1 aRoberts, Warren,d1916-